| 000 | 00676nam a2200217 u 4500 | ||
|---|---|---|---|
| 005 | 20240831063812.0 | ||
| 008 | 161017s2007 es r 000 0 spa d | ||
| 020 | _a9788426365002 | ||
| 035 | _aUPN01000213972 | ||
| 049 | _aI | ||
| 050 | 4 |
_aPZ76.3 _bP4.5 |
|
| 100 | 1 |
_aPérez Escrivá, Victoria, _d1964- _936624 |
|
| 245 | 1 | 1 |
_a¡Que gane el mejor! / _cVictoria Pérez Escrivá ; il. Claudia Ranucci. |
| 260 |
_aZaragoza, Esp. : _bLuis Vives, _c2007. |
||
| 300 |
_a[32] p., [1] h. pleg. : _bil. col. |
||
| 440 | 0 | _aAnimaliadas | |
| 650 | 4 |
_aCuentos infantiles españoles _97725 |
|
| 650 | 0 |
_aAnimales _vCuentos y leyendas _9234 |
|
| 905 | _aInfantil | ||
| 999 |
_c186072 _d186072 |
||